000 01690nam a22002297a 4500
999 _c57092
_d57092
003 Ge_BSU
005 20221221152926.0
008 191114s2019 ge ||||| |||| 00| 0 geo d
041 _ageo
080 _a58 დ-43
100 _aდიასამიძე, ჯიმშერ
_95351
245 _aბოსტნეულ - ბახჩეული კულტურების დომინანტი პათოგენების გამოვლენა და მათ წინააღმდეგ ბრძოლის ღონისძიებების შემუშავება შიდა და მაღალმთიანი აჭარის პირობებში /
_cჯიმშერ დიასამიძე, სამეცნ. ხელმძღვანელი ო. შაინიძე.
264 _aბათუმი :
_bბსუ,
_c2019.
300 _a138 გვ.
_bსურ.
_c30 სმ.
504 _a ბიბლიოგრ. გვ. 121-130
653 _aაგრარული მეცნიერებანი
653 _aბოსტნეულ-ბახჩეული კულტურები
653 _aდისერტაცია
700 _aშაინიძე, ო.
_eმეცნ. ხელმძღვანელი
_95352
710 _aბათუმის შოთა რუსთაველის სახელმწიფო უნივერსიტეტი
_bტექნოლოგიური ფაკ-ტი
_eაგროეკოლოგიისა და სატყეო საქმის დეპარტამენტი
_95353
942 _2udc
_cDS